000 01925 a2200277 4500
003 Nust
005 20170207154044.0
010 _a 2008041561
020 _a0470085789 (cloth : alk. paper)
020 _a9780470085783 (cloth : alk. paper)
035 _a(OCoLC)ocn181603218
040 _cNust
082 0 0 _a620
100 1 _aEshbach, Ovid W.
245 1 0 _aEshbach's handbook of engineering fundamentals -(E-BOOK)
_cedited by Myer Kutz.
246 3 0 _aHandbook of engineering fundamentals
250 _a5th ed.
260 _aHoboken, N.J. :
_bJohn Wiley,
_cc2009.
300 _axviii, 1302 p. :
_bill. ;
_c25 cm.
505 0 _a1. Mathematical and Physical Units, Standards, and Tables (Page-1) 2. Mathematics (Page-159) 3. Mechanics of Rigid Bodies (Page-308) 4. Selection of Metals for Structural Design (Page-358) 5. Plastics: Information and Properties of Polymeric Materials (Page-392) 6. Overview of Ceramic Materials, Design, and Application (Page-422) 8. Nondestructive Inspection(Page- 509) 9. Mechanics of Incompressible Fluids (Page-552) 10. Aerodynamics of Wings (Page-619) 11. Steady One-Dimensional Gas Dynamics (Page-682) 12. Mathematical Models of Dynamic Physical Systems(Page- 698) 13. Basic Control Systems Design (Page-760) 14. Thermodynamics Fundamentals (Page-802) 15. Heat Transfer Fundamentals (Page-818) 16. Electric Circuits (Page-870) 17. Electronics (Page-949) 18. Light and Radiation (Page-1111) 19. Acoustics (Page-1151) 20. Chemistry (Page-1200) 21. Engineering Economy (Page-1246) 22. Sources of Materials Data (Page-1259)
650 0 _aEngineering
651 _aE-BOOK
700 1 _aKutz, Myer.
856 4 1 _3Table of contents only
_uhttp://catdir.loc.gov/catdir/toc/ecip0828/2008041561.html
856 4 1 _3Table of contents
_uhttp://bvbr.bib-bvb.de:8991/F?func=service&doc_library=BVB01&doc_number=017155429&line_number=0001&func_code=DB_RECORDS&service_type=MEDIA
942 _2ddc
_cBK
999 _c192772
_d192772